00384 a2200097 4500001001000000005001700010008004100027245004400068100002200112773015200134ART_4245420260410161935.0260409a 10aLas ventajas de las empresas familiares1 aNebbia, Alicia S.0 tBoletin del Consejo Profesional de Ciencias Económicas de la Provincia de Santa Fe (camara segunda)g- Año XXVII, Nº 332 (jun. 2017)wREV25058